Countries Joe Cocker Visited - Statistics

General Stats
  • This quiz has been taken 13 times
    12 since last reset
  • The average score is 49 of 58
Answer Stats
Continent Country % Correct
South America Argentina
100%
Oceania Australia
100%
North America Canada
100%
Europe Denmark
100%
Europe France
100%
Europe Italy
100%
Asia Japan
100%
North America Mexico
100%
Europe Portugal
100%
Europe Spain
100%
North America United States of America
100%
Europe Austria
90%
South America Brazil
90%
Europe Croatia
90%
Europe Germany
90%
Europe Iceland
90%
Europe Luxembourg
90%
Oceania New Zealand
90%
South America Peru
90%
Europe Poland
90%
Asia/ Europe Russia
90%
Europe Sweden
90%
Asia/ Europe Turkey
90%
Europe United Kingdom
90%
Europe Andorra
80%
Asia Armenia
80%
Europe Belarus
80%
Europe Bulgaria
80%
South America Chile
80%
Europe Czech Republic
80%
Europe Estonia
80%
Europe Finland
80%
Asia Georgia
80%
Europe Greece
80%
Europe Hungary
80%
Europe Ireland
80%
Asia Israel
80%
Europe Latvia
80%
Europe Liechtenstein
80%
Europe Lithuania
80%
Europe Netherlands
80%
Europe Norway
80%
Europe Romania
80%
Europe Slovakia
80%
Europe Slovenia
80%
Europe Switzerland
80%
Asia United Arab Emirates
80%
South America Uruguay
80%
South America Venezuela
80%
Europe Belgium
70%
Asia Lebanon
70%
Europe Malta
70%
Europe Monaco
70%
Africa Morocco
70%
Europe North Macedonia
70%
Europe Serbia
70%
Africa South Africa
70%
Africa Tunisia
60%
No matching quizzes found
Score Distribution
Percent of People with Each Score
Percentile by Number Answered
Your Score History
You have not taken this quiz since the last reset